[Event "SW Summer Open"]
[Site "Penarth"]
[Date "2017.09.01"]
[Round "1.1"]
[White "Bullen, Alex"]
[Black "Turner, Joseph David"]
[Result "1-0"]
[WhiteElo "2049"]
[BlackElo "1918"]
[PlyCount "55"]
[EventDate "2017.09.01"]
[EventCountry "WLS"]
[SourceDate "2017.09.03"]

1. e4 Nc6 2. Nf3 d6 3. d4 e5 4. dxe5 Nxe5 5. Nc3 Bg4 6. Be2 Nxf3+ 7. Bxf3 Bxf3
8. Qxf3 Qf6 9. Qd3 c6 10. Be3 Ne7 11. f4 a6 12. e5 Qe6 13. O-O O-O-O 14. Rad1
Nf5 15. Bb6 Rd7 16. Rfe1 d5 17. Na4 Be7 18. g4 Nh4 19. f5 Qh6 20. Qg3 Bd8 21.
e6 fxe6 22. fxe6 Re7 23. Bxd8 Nf3+ 24. Kh1 b5 25. Bxe7 Nxe1 26. Qd6 bxa4 27.
Qxc6+ Kb8 28. Qb6+ 1-0

[Event "SW Summer Open"]
[Site "Penarth"]
[Date "2017.09.01"]
[Round "1.2"]
[White "Cizek, Ondrej"]
[Black "Ralphs, Nigel"]
[Result "1/2-1/2"]
[WhiteElo "1847"]
[BlackElo "2048"]
[PlyCount "125"]
[EventDate "2017.09.01"]
[EventCountry "WLS"]
[SourceDate "2017.09.03"]

1. e4 e5 2. Nf3 Nc6 3. Bb5 a6 4. Ba4 Nf6 5. O-O Be7 6. d3 d6 7. h3 b5 8. Bb3
Na5 9. Be3 O-O 10. Nbd2 c5 11. c3 Nxb3 12. axb3 h6 13. Nh2 d5 14. f4 dxe4 15.
dxe4 Qd3 16. Qf3 Bb7 17. fxe5 Nxe4 18. Nxe4 Qxe4 19. Rad1 Qxf3 20. Nxf3 Rad8
21. Rd2 Rxd2 22. Nxd2 Rd8 23. Kf2 Bg5 24. Nf3 Bxf3 25. Bxg5 hxg5 26. Kxf3 Rd5
27. Ra1 Rd2 28. Rxa6 Rxb2 29. Rc6 Rxb3 30. Rc8+ Kh7 31. Rxc5 b4 32. Ke4 bxc3
33. Kf5 Rb2 34. Rxc3 Rxg2 35. Rc7 g6+ 36. Kf6 Rf2+ 37. Kxg5 Rf5+ 38. Kg4 Kg8
39. Rc8+ Kg7 40. Re8 Rf1 41. Kg3 Rg1+ 42. Kf4 Rh1 43. Kg4 Ra1 44. Kf4 Rh1 45.
Kg4 Re1 46. Kf4 Rf1+ 47. Kg4 Rf5 48. Kg3 Rh5 49. Kg4 Rh8 50. Re7 Kf8 51. Ra7
Rh5 52. Ra5 Rf5 53. h4 Ke7 54. Ra7+ Ke6 55. Ra6+ Ke7 56. Ra7+ Ke6 57. Ra6+ Kxe5
58. Ra5+ Ke4 59. Ra4+ Ke3 60. Ra3+ Kd2 61. Ra2+ Kc3 62. Ra3+ Kc4 63. h5 1/2-1/2

[Event "SW Summer Open"]
[Site "Penarth"]
[Date "2017.09.01"]
[Round "1.3"]
[White "Brown, Thomas"]
[Black "Buttell, David"]
[Result "1-0"]
[WhiteElo "2020"]
[BlackElo "1817"]
[PlyCount "65"]
[EventDate "2017.09.01"]
[EventCountry "WLS"]
[SourceDate "2017.09.03"]

1. d4 d5 2. c4 e6 3. Nc3 Nf6 4. Nf3 c6 5. e3 Nbd7 6. Bd3 Be7 7. e4 dxe4 8. Nxe4
Nxe4 9. Bxe4 Bb4+ 10. Bd2 Qa5 11. O-O Nf6 12. Bc2 Bxd2 13. Nxd2 O-O 14. Re1 Bd7
15. Re5 Qc7 16. Qf3 b6 17. Ne4 Nxe4 18. Qxe4 g6 19. Qe3 Kg7 20. h4 f6 21. Re4
f5 22. Re5 Qd8 23. d5 exd5 24. cxd5 Qf6 25. Bb3 Rae8 26. f4 cxd5 27. Rc1 Rc8
28. Bxd5 Rxc1+ 29. Qxc1 Rc8 30. Qe3 Kh6 31. h5 gxh5 32. Be6 Bxe6 33. Rxe6 1-0

[Event "SW Summer Open"]
[Site "Penarth"]
[Date "2017.09.01"]
[Round "1.4"]
[White "Jukes, Sam"]
[Black "Fathallah, Joe"]
[Result "1-0"]
[WhiteElo "1733"]
[BlackElo "1959"]
[PlyCount "73"]
[EventDate "2017.09.01"]
[EventCountry "WLS"]
[SourceDate "2017.09.03"]

1. e4 e6 2. d4 d5 3. exd5 exd5 4. c4 Nf6 5. Nf3 Bb4+ 6. Bd2 Qe7+ 7. Be2 O-O 8.
O-O Nc6 9. Nc3 Be6 10. Re1 Bxc3 11. bxc3 Qd6 12. c5 Qd7 13. h3 Ne4 14. Bb5 f6
15. a4 Qf7 16. a5 Nd8 17. Qe2 g5 18. Bd3 Bf5 19. c4 c6 20. cxd5 cxd5 21. a6
bxa6 22. Rxa6 Ne6 23. Be3 Rfe8 24. Rea1 Qg7 25. Bxe4 Bxe4 26. Nd2 Bxg2 27. Qg4
Nc7 28. Rxa7 Be4 29. Nxe4 dxe4 30. d5 Qf8 31. d6 Rxa7 32. Rxa7 Nb5 33. Rd7 Rd8
34. Qe6+ Kh8 35. Rf7 Qh6 36. Rxf6 Qh4 37. Rf7 1-0

[Event "SW Summer Open"]
[Site "Penarth"]
[Date "2017.09.02"]
[Round "2.1"]
[White "Jukes, Sam"]
[Black "Bullen, Alex"]
[Result "0-1"]
[WhiteElo "1733"]
[BlackElo "2049"]
[PlyCount "86"]
[EventDate "2017.09.01"]
[EventCountry "WLS"]
[SourceDate "2017.09.03"]

1. e4 c5 2. Nf3 e6 3. d4 cxd4 4. Nxd4 Nf6 5. Nc3 Nc6 6. Nb3 Bb4 7. Bd3 d5 8.
Bd2 Bxc3 9. Bxc3 dxe4 10. Bxf6 Qxf6 11. Bxe4 O-O 12. c3 Rd8 13. Qc2 h6 14. O-O
e5 15. Rfd1 Be6 16. Rxd8+ Rxd8 17. Nc5 Qe7 18. Nxe6 Qxe6 19. Bxc6 bxc6 20. b3
Qd5 21. Rc1 e4 22. h3 Qd2 23. Kf1 f5 24. a4 Qd6 25. g3 c5 26. Ke2 Qa6+ 27. Ke1
c4 28. Rd1 Rd3 29. bxc4 Qxc4 30. Rxd3 exd3 31. Qd2 Kf7 32. f3 a5 33. Qb2 Qe6+
34. Kd1 Qd5 35. Kd2 Qxf3 36. Qb3+ Ke7 37. c4 Qe2+ 38. Kc3 Qe1+ 39. Kd4 d2 40.
Qb7+ Kf6 41. Qb6+ Qe6 42. Qd8+ Qe7 43. Qb6+ Kf7 0-1

[Event "SW Summer Open"]
[Site "Penarth"]
[Date "2017.09.02"]
[Round "2.2"]
[White "Williams, Stephen"]
[Black "Brown, Thomas"]
[Result "0-1"]
[WhiteElo "1666"]
[BlackElo "2020"]
[PlyCount "66"]
[EventDate "2017.09.01"]
[EventCountry "WLS"]
[SourceDate "2017.09.03"]

1. d4 Nf6 2. c4 g6 3. Nc3 Bg7 4. e4 d6 5. Be2 O-O 6. Bg5 Na6 7. f4 c6 8. e5 Ne8
9. Nf3 Nac7 10. O-O Ne6 11. Qd2 Nxg5 12. Nxg5 dxe5 13. fxe5 Bxe5 14. Rad1 Bg7
15. Nce4 Nd6 16. Nxd6 exd6 17. Ne4 d5 18. cxd5 cxd5 19. Nc5 b6 20. Nb3 Bf5 21.
Bd3 Be4 22. Rde1 f5 23. Ba6 Qd7 24. Qb4 f4 25. Rc1 f3 26. g3 f2+ 27. Rxf2 Rxf2
28. Kxf2 Qf5+ 29. Ke1 Rf8 30. Qd2 Bh6 31. Qxh6 Qf2+ 32. Kd1 Bf3+ 33. Be2 Qxe2#
0-1

[Event "SW Summer Open"]
[Site "Penarth"]
[Date "2017.09.02"]
[Round "2.3"]
[White "Ehsandar, Peter"]
[Black "Kett, Tim"]
[Result "0-1"]
[WhiteElo "1970"]
[BlackElo "2209"]
[PlyCount "84"]
[EventDate "2017.09.01"]
[EventCountry "WLS"]
[SourceDate "2017.09.03"]

1. e4 e5 2. Nf3 Nc6 3. Bb5 a6 4. Ba4 Nf6 5. d3 d6 6. a3 Be7 7. h3 O-O 8. Nbd2
Nd7 9. b4 a5 10. b5 Nc5 11. bxc6 Nxa4 12. c4 Nc5 13. Nb3 Nxb3 14. Qxb3 bxc6 15.
c5 Kh8 16. O-O f5 17. Bd2 Qe8 18. Rfc1 Qh5 19. Rc3 dxc5 20. Re1 Bd6 21. Nh2 Bd7
22. Qd1 Qxd1 23. Rxd1 f4 24. Nf3 Rfb8 25. Be1 a4 26. Nd2 g5 27. f3 h5 28. Bf2
Ra5 29. Rdc1 Rbb5 30. Nc4 Ra8 31. Nd2 Rab8 32. Bxc5 Rb2 33. Bxd6 cxd6 34. Nc4
Ra2 35. R3c2 Rxc2 36. Rxc2 Rb3 37. Nxd6 Kg7 38. Nc4 Kf6 39. Na5 Rxa3 40. Nxc6
Rxd3 41. Nb8 Bb5 42. Kh2 a3 0-1

[Event "SW Summer Open"]
[Site "Penarth"]
[Date "2017.09.02"]
[Round "2.4"]
[White "Morris, Gareth"]
[Black "May, Adam J"]
[Result "1-0"]
[WhiteElo "2063"]
[BlackElo "1944"]
[PlyCount "79"]
[EventDate "2017.09.01"]
[EventCountry "WLS"]
[SourceDate "2017.09.03"]

1. d4 d5 2. c4 e6 3. Nc3 Bb4 4. Qa4+ Nc6 5. e3 Nf6 6. Bd2 Bd7 7. Qc2 O-O 8. Nf3
Re8 9. a3 Bd6 10. Be2 dxc4 11. Bxc4 a6 12. O-O h6 13. Rad1 e5 14. d5 Ne7 15.
Bc1 Bf5 16. e4 Bd7 17. b4 Ng6 18. Rfe1 Nh5 19. g3 Qf6 20. Be2 Bg4 21. Nd2 Qg5
22. Nf1 Nhf4 23. gxf4 exf4 24. Kh1 Bh3 25. Ng3 Qh4 26. Rd3 Ne5 27. Kg1 Nxd3 28.
Qxd3 Re5 29. Bf1 Rg5 30. Nce2 Bd7 31. Bg2 Bb5 32. Qf3 Rg6 33. Nxf4 Bxf4 34.
Bxf4 Qe7 35. h3 Rf6 36. Rc1 g5 37. Rxc7 Qd8 38. Nf5 Rc8 39. Rxc8 Qxc8 40. Ne7+
1-0

[Event "SW Summer Open"]
[Site "Penarth"]
[Date "2017.09.02"]
[Round "2.5"]
[White "Ralphs, Nigel"]
[Black "Choo Yin, Benjamin"]
[Result "1-0"]
[WhiteElo "2048"]
[BlackElo "1702"]
[PlyCount "65"]
[EventDate "2017.09.01"]
[EventCountry "WLS"]
[SourceDate "2017.09.03"]

1. e4 c5 2. Nf3 Nc6 3. Bb5 g6 4. Bxc6 bxc6 5. O-O d5 6. e5 Bg7 7. Re1 Qc7 8. h3
e6 9. d3 Ne7 10. c4 Nf5 11. Qe2 dxc4 12. dxc4 Nd4 13. Nxd4 cxd4 14. Bg5 Ba6 15.
Nd2 c5 16. Qf3 Bb7 17. Qf4 Rb8 18. Bh6 O-O 19. f3 a5 20. a4 Bc6 21. b3 Bxh6 22.
Qxh6 f6 23. Qf4 Rbe8 24. Qh2 h5 25. exf6 Qxh2+ 26. Kxh2 Rxf6 27. Re5 Rf5 28.
Rae1 Kf7 29. g4 hxg4 30. hxg4 Rf4 31. Kg3 Rf6 32. Rxc5 Bb7 33. Rc7+ 1-0

[Event "SW Summer Open"]
[Site "Penarth"]
[Date "2017.09.02"]
[Round "2.6"]
[White "Young, Alan"]
[Black "Cizek, Ondrej"]
[Result "1-0"]
[WhiteElo "2034"]
[BlackElo "1847"]
[PlyCount "137"]
[EventDate "2017.09.01"]
[EventCountry "WLS"]
[SourceDate "2017.09.03"]

1. e4 Nf6 2. e5 Nd5 3. d4 d6 4. Nf3 Bg4 5. Be2 Nc6 6. c4 Nb6 7. exd6 exd6 8.
O-O Be7 9. b3 O-O 10. Bb2 Bf6 11. Nbd2 Re8 12. Re1 Nd7 13. a3 a5 14. Qc2 Nf8
15. Bd3 Bh5 16. Rxe8 Qxe8 17. Re1 Qd8 18. d5 Bxb2 19. Qxb2 Nb8 20. Nd4 Qf6 21.
Re8 Bg4 22. Nf5 Bxf5 23. Qxf6 gxf6 24. Bxf5 Kg7 25. f4 Ng6 26. g3 c6 27. dxc6
bxc6 28. Be4 Nf8 29. Bxc6 Ra6 30. Rxb8 Rxc6 31. Ra8 Ne6 32. Rxa5 Nd4 33. b4 Rc7
34. Rd5 Nc2 35. Rxd6 Nxa3 36. c5 Nc2 37. Rb6 Rd7 38. Rd6 Rxd6 39. cxd6 Nxb4 40.
Ne4 f5 41. Nc5 Kf6 42. Nd7+ Kg7 43. Ne5 Kf6 44. Kg2 Ke6 45. d7 Ke7 46. Nxf7
Kxd7 47. Ng5 h6 48. Nf7 h5 49. Kh3 Ke6 50. Ne5 Nd5 51. Kh4 Ne3 52. Kxh5 Nf1 53.
Nf3 Kd5 54. Kg6 Ke6 55. Nd4+ Kd5 56. Nxf5 Nxh2 57. Nh4 Ng4 58. Kg5 Nf2 59. Kf5
Ne4 60. g4 Nd6+ 61. Kg5 Ke6 62. f5+ Kf7 63. Nf3 Ne4+ 64. Kf4 Nd6 65. g5 Ne8 66.
Ne5+ Kg7 67. Ng4 Kf7 68. g6+ Kg7 69. Kg5 1-0

[Event "SW Summer Open"]
[Site "Penarth"]
[Date "2017.09.02"]
[Round "2.7"]
[White "Fathallah, Joe"]
[Black "Turner, Joseph David"]
[Result "1-0"]
[WhiteElo "1959"]
[BlackElo "1918"]
[PlyCount "108"]
[EventDate "2017.09.01"]
[EventCountry "WLS"]
[SourceDate "2017.09.03"]

1. d4 Nf6 2. c4 e6 3. Nc3 d5 4. cxd5 exd5 5. Bg5 c6 6. e3 h6 7. Bh4 g5 8. Bg3
b5 9. Bd3 a5 10. Nf3 Na6 11. Ne5 Qb6 12. O-O Bg7 13. Rc1 O-O 14. f4 g4 15. Bh4
h5 16. Bxf6 Bxf6 17. Bb1 Bg7 18. Qd3 f5 19. a3 Be6 20. h3 Rac8 21. hxg4 Bxe5
22. fxe5 hxg4 23. Ne2 c5 24. Ng3 cxd4 25. Rxc8 Bxc8 26. exd4 Nc7 27. Rf4 Qh6
28. Qf1 Ne6 29. Rxf5 Qe3+ 30. Kh2 Qh6+ 31. Kg1 Qe3+ 32. Qf2 Qxf2+ 33. Rxf2 Rxf2
34. Kxf2 Nxd4 35. Ke3 Ne6 36. Bf5 d4+ 37. Kd2 Kf7 38. Bxg4 Bb7 39. Bf3 Bc8 40.
Ne4 Ke7 41. Nd6 Bd7 42. Kd3 Kf8 43. Bd5 Ke7 44. Bxe6 Kxe6 45. Kxd4 Bc6 46. g3
b4 47. axb4 axb4 48. b3 Bf3 49. Ne4 Bd1 50. Nc5+ Kf5 51. Kd5 Be2 52. Kd6 Bb5
53. e6 Kg4 54. Nd7 Bc4 1-0

[Event "SW Summer Open"]
[Site "Penarth"]
[Date "2017.09.02"]
[Round "3.1"]
[White "Bullen, Alex"]
[Black "Brown, Thomas"]
[Result "0-1"]
[WhiteElo "2049"]
[BlackElo "2020"]
[PlyCount "104"]
[EventDate "2017.09.01"]
[EventCountry "WLS"]
[SourceDate "2017.09.03"]

1. e4 g6 2. d4 Bg7 3. Nc3 d6 4. Nf3 a6 5. a4 Nf6 6. h3 O-O 7. Be3 Nc6 8. Qd2 e5
9. d5 Ne7 10. Bh6 Bxh6 11. Qxh6 Kh8 12. Be2 Bd7 13. Nd2 Nfg8 14. Qh4 f5 15. g4
Nf6 16. gxf5 gxf5 17. Rg1 fxe4 18. Bg4 Ng6 19. Qh6 Nxg4 20. hxg4 Qh4 21. Qxh4
Nxh4 22. Ncxe4 Rf4 23. g5 Nf3+ 24. Nxf3 Rxe4+ 25. Kd2 Rf8 26. Ra3 Ref4 27. Rg3
Bxa4 28. g6 hxg6 29. Rxg6 Bxc2 30. Rg3 Bf5 31. Ra1 Rg4 32. Rh3+ Kg7 33. Rc1 Rf7
34. Rh2 Be4 35. Nh4 Bxd5 36. f3 Bxf3 37. Nxf3 Rxf3 38. Rxc7+ Rf7 39. Rc8 Kf6
40. Rd8 Ke7 41. Rb8 Ke6 42. Rh6+ Kd5 43. Rd8 Rd4+ 44. Ke3 Kc5 45. Rc8+ Kb4 46.
Rh2 Rg7 47. Rhc2 Rg3+ 48. Kf2 Rh3 49. R2c7 b5 50. Ra8 Rd2+ 51. Kg1 Rxb2 52.
Rxa6 Ra3 0-1

[Event "SW Summer Open"]
[Site "Penarth"]
[Date "2017.09.02"]
[Round "3.2"]
[White "Kett, Tim"]
[Black "Young, Alan"]
[Result "0-1"]
[WhiteElo "2209"]
[BlackElo "2034"]
[Annotator ",jthornton126@btinter"]
[PlyCount "77"]
[EventDate "2017.09.01"]
[EventCountry "WLS"]
[SourceDate "2017.09.03"]

1. d4 d5 2. Nf3 Nf6 3. e3 Bg4 4. c4 dxc4 5. Bxc4 e6 6. Qb3 Bxf3 7. gxf3 c5 8.
dxc5 Bxc5 9. Nc3 O-O 10. Qxb7 Nbd7 11. Qb3 Nb6 12. Be2 Nfd5 13. Nxd5 Nxd5 14.
a3 Qf6 15. O-O Qg6+ 16. Kh1 Qh5 17. Qc4 Bd6 18. f4 Qh6 19. Bd2 Qh4 20. Bf3 Rfd8
21. Bxd5 exd5 22. Qd4 Be7 23. Bc3 Bf6 24. Qd2 Bxc3 25. bxc3 Rab8 26. Rab1 Qg4
27. Rfd1 Rxb1 28. Rxb1 h5 29. Qd1 Qf5 30. Rb4 h4 31. e4 Qxf4 32. exd5 Qxf2 33.
Re4 Rxd5 34. Re8+ Kh7 35. Qe2 Qf4 36. Qe4+ Qxe4+ 37. Rxe4 g5 38. Kg2 Kg6 39. h3
{Black won on time} 0-1

[Event "SW Summer Open"]
[Site "Penarth"]
[Date "2017.09.02"]
[Round "3.3"]
[White "Ralphs, Nigel"]
[Black "Morris, Gareth"]
[Result "1/2-1/2"]
[WhiteElo "2048"]
[BlackElo "2063"]
[PlyCount "59"]
[EventDate "2017.09.01"]
[EventCountry "WLS"]
[SourceDate "2017.09.03"]

1. e4 c5 2. Nf3 Nc6 3. Bb5 e6 4. Bxc6 bxc6 5. b3 Ne7 6. Bb2 Ng6 7. h4 h5 8. e5
Be7 9. g3 f6 10. Qe2 fxe5 11. Nxe5 Nxe5 12. Bxe5 Bf6 13. Nc3 d6 14. Bxf6 Qxf6
15. O-O Kd7 16. Ne4 Qe7 17. Rad1 e5 18. Rfe1 Kc7 19. Ng5 Qf6 20. c3 g6 21. d4
cxd4 22. cxd4 Re8 23. Qd2 Bg4 24. f3 Bxf3 25. dxe5 dxe5 26. Rf1 e4 27. Qa5+ Kc8
28. Qa6+ Kc7 29. Qa5+ Kc8 30. Qa6+ 1/2-1/2

[Event "SW Summer Open"]
[Site "Penarth"]
[Date "2017.09.02"]
[Round "3.4"]
[White "Fathallah, Joe"]
[Black "Williams, Stephen"]
[Result "1/2-1/2"]
[WhiteElo "1959"]
[BlackElo "1666"]
[PlyCount "92"]
[EventDate "2017.09.01"]
[EventCountry "WLS"]
[SourceDate "2017.09.03"]

1. d4 d5 2. Bf4 Nf6 3. Nf3 c5 4. e3 Nc6 5. c3 Qb6 6. b3 Bf5 7. Bd3 Bxd3 8. Qxd3
e6 9. Nbd2 Be7 10. O-O h6 11. h3 O-O 12. Ne5 cxd4 13. exd4 Rac8 14. a4 a6 15.
b4 Nxe5 16. Bxe5 Nd7 17. Bf4 Qc6 18. Rfc1 Nb6 19. a5 Nc4 20. Nb3 Rcd8 21. Qg3
Bd6 22. Bxd6 Nxd6 23. Nc5 Nf5 24. Qd3 Nd6 25. Re1 Nc4 26. Re2 Rfe8 27. Rae1 Ra8
28. f4 Nd6 29. g4 Rac8 30. Qg3 Ne4 31. Nxe4 dxe4 32. Re3 f5 33. g5 Kh7 34. R1e2
Rg8 35. Rg2 Qa4 36. Kh2 Qa1 37. g6+ Kh8 38. Rc2 Rc7 39. Re1 Qa4 40. Rec1 Rgc8
41. h4 Rc4 42. Qf2 Qc6 43. h5 Qc7 44. Kg3 Qd7 45. Qe3 Qa4 46. Qd2 Qd7 1/2-1/2

[Event "SW Summer Open"]
[Site "Penarth"]
[Date "2017.09.02"]
[Round "3.5"]
[White "Buttell, David"]
[Black "Jukes, Sam"]
[Result "0-1"]
[WhiteElo "1817"]
[BlackElo "1733"]
[PlyCount "118"]
[EventDate "2017.09.01"]
[EventCountry "WLS"]
[SourceDate "2017.09.03"]

1. d4 Nf6 2. c4 e6 3. Nf3 Bb4+ 4. Bd2 Bxd2+ 5. Nbxd2 d5 6. e3 O-O 7. Bd3 b6 8.
cxd5 exd5 9. O-O c5 10. b3 Bb7 11. Ne5 Nbd7 12. f4 Ne4 13. Bxe4 dxe4 14. Nxd7
Qxd7 15. dxc5 Rad8 16. Nc4 Qc6 17. Qh5 Rd5 18. f5 Qxc5 19. Rf4 b5 20. Rh4 h6
21. Na5 Qxe3+ 22. Kh1 Qc3 23. Rf1 Qxa5 24. Rg4 Kh7 25. Rxe4 Qd2 26. Re2 Qg5 27.
Qxg5 hxg5 28. Re7 Bc8 29. g4 g6 30. fxg6+ Kxg6 31. Rxa7 Bxg4 32. a4 bxa4 33.
bxa4 Rd1 34. Rxd1 Bxd1 35. a5 Rb8 36. Kg2 Rb2+ 37. Kg1 Bf3 38. h3 Ra2 39. a6
Be4 40. Re7 Bf5 41. a7 Bxh3 42. Rc7 Bf5 43. Rb7 Be4 44. Re7 f5 45. Kf1 g4 46.
Kg1 Kf6 47. Rd7 Ke6 48. Rc7 Kd6 49. Rh7 Kc6 50. Rh6+ Kb7 51. Rh7+ Kb6 52. Rd7
Rxa7 53. Rd6+ Kc5 54. Rd8 Ra2 55. Rd1 Rb2 56. Rd8 g3 57. Rd1 Rb1 58. Rf1 Rxf1+
59. Kxf1 g2+ 0-1

[Event "SW Summer Open"]
[Site "Penarth"]
[Date "2017.09.02"]
[Round "3.6"]
[White "May, Adam J"]
[Black "Ehsandar, Peter"]
[Result "0-1"]
[WhiteElo "1944"]
[BlackElo "1970"]
[PlyCount "74"]
[EventDate "2017.09.01"]
[EventCountry "WLS"]
[SourceDate "2017.09.03"]

1. c4 Nf6 2. g3 g6 3. Bg2 Bg7 4. Nc3 d6 5. e4 Nc6 6. Nge2 Ne5 7. d3 Bg4 8. f4
Nf3+ 9. Kf2 Nd4 10. h3 Bxe2 11. Nxe2 Nd7 12. Be3 c5 13. Qd2 Rb8 14. Rab1 b5 15.
b4 O-O 16. cxb5 Nxb5 17. bxc5 dxc5 18. Rhc1 Nd4 19. Kg1 Rb6 20. g4 e6 21. Nc3
Qb8 22. Qd1 g5 23. f5 Qg3 24. Bf2 Qf4 25. e5 Nxe5 26. Ne4 Ndf3+ 27. Kf1 Nh2+
28. Ke2 Rxb1 29. Be3 Rxc1 30. Bxc1 Nxd3 31. Bxf4 Nxf4+ 32. Kf2 Bd4+ 33. Kg3 Rb8
34. fxe6 Rb2 35. exf7+ Kf8 36. Nxg5 Nxg2 37. Qa4 Be5+ 0-1

[Event "SW Summer Open"]
[Site "Penarth"]
[Date "2017.09.02"]
[Round "3.7"]
[White "Turner, Joseph David"]
[Black "Choo Yin, Benjamin"]
[Result "0-1"]
[WhiteElo "1918"]
[BlackElo "1702"]
[PlyCount "90"]
[EventDate "2017.09.01"]
[EventCountry "WLS"]
[SourceDate "2017.09.03"]

1. e4 c5 2. Nf3 Nc6 3. d4 cxd4 4. Nxd4 g6 5. Nc3 Bg7 6. Be3 Nf6 7. Nxc6 bxc6 8.
e5 Ng8 9. f4 Nh6 10. Bc4 O-O 11. O-O d6 12. Qf3 d5 13. Nxd5 cxd5 14. Bxd5 Rb8
15. Bxa7 Rxb2 16. Bb3 Qd2 17. Rfd1 Qa5 18. Qe3 Ng4 19. Qb6 Qa3 20. h3 Nh6 21.
Qc5 Qa6 22. Qxe7 Nf5 23. Qc7 Be6 24. g4 Nh4 25. Bf2 g5 26. Bxe6 Qxe6 27. Rd6
Qc8 28. Rc6 Qa8 29. Bxh4 gxh4 30. a4 Rb7 31. Qd6 Rd8 32. Qc5 Bf8 33. Qc3 Qa7+
34. Kf1 Rb4 35. Rc4 Rxc4 36. Qxc4 Qe3 37. Re1 Qxh3+ 38. Ke2 Qxg4+ 39. Ke3 Qg3+
40. Ke2 Qg2+ 41. Ke3 Qd2+ 42. Kf3 Qxe1 43. f5 Qg3+ 44. Ke2 Qxe5+ 45. Kf3 Qg3+
0-1

[Event "SW Summer Open"]
[Site "Penarth"]
[Date "2017.09.03"]
[Round "4.1"]
[White "Brown, Thomas"]
[Black "Young, Alan"]
[Result "1-0"]
[WhiteElo "2020"]
[BlackElo "2034"]
[PlyCount "99"]
[EventDate "2017.09.01"]
[EventCountry "WLS"]
[SourceDate "2017.09.03"]

1. d4 d5 2. c4 dxc4 3. e3 e5 4. Bxc4 exd4 5. exd4 Bd6 6. Nf3 Nf6 7. Qe2+ Qe7 8.
Qxe7+ Bxe7 9. O-O O-O 10. Re1 Bd6 11. Nc3 a6 12. Bg5 Nbd7 13. Ne5 Nb6 14. Bb3
Be6 15. Bxe6 fxe6 16. Bxf6 gxf6 17. Ng4 Kf7 18. Rac1 Rad8 19. Ne3 c6 20. Ne4
Bb4 21. Red1 Nd5 22. a3 Be7 23. b4 a5 24. bxa5 Bxa3 25. Rb1 Rd7 26. Rb3 Be7 27.
Rdb1 Ra8 28. Nc4 Ra7 29. Rxb7 Raxb7 30. Rxb7 Rxb7 31. Ned6+ Bxd6 32. Nxd6+ Ke7
33. Nxb7 Nc7 34. f4 Kd7 35. Kf2 Nd5 36. Kf3 Nb4 37. Nc5+ Kd6 38. a6 Nd5 39. g4
Nc7 40. a7 Kd5 41. Na6 Na8 42. Ke3 Kc4 43. g5 fxg5 44. fxg5 Kd5 45. h4 e5 46.
Nb4+ Kd6 47. Nxc6 exd4+ 48. Nxd4 Ke5 49. h5 Nb6 50. h6 1-0

[Event "SW Summer Open"]
[Site "Penarth"]
[Date "2017.09.03"]
[Round "4.2"]
[White "Morris, Gareth"]
[Black "Jukes, Sam"]
[Result "1-0"]
[WhiteElo "2063"]
[BlackElo "1733"]
[PlyCount "49"]
[EventDate "2017.09.01"]
[EventCountry "WLS"]
[SourceDate "2017.09.03"]

1. d4 Nf6 2. Nf3 d5 3. c4 e6 4. Nc3 c5 5. cxd5 exd5 6. g3 cxd4 7. Nxd4 Be7 8.
Bg2 O-O 9. O-O Nc6 10. Bg5 h6 11. Be3 Be6 12. h3 Qd7 13. Kh2 Nxd4 14. Bxd4 Rfd8
15. Rc1 Ne4 16. Qa4 Nxc3 17. Qxd7 Rxd7 18. Rxc3 b5 19. Rfc1 a6 20. Bf3 f5 21.
Rc6 Bf7 22. h4 Kh7 23. Kg2 g5 24. hxg5 hxg5 25. Rh1+ 1-0

[Event "SW Summer Open"]
[Site "Penarth"]
[Date "2017.09.03"]
[Round "4.3"]
[White "Bullen, Alex"]
[Black "Ralphs, Nigel"]
[Result "1/2-1/2"]
[WhiteElo "2049"]
[BlackElo "2048"]
[PlyCount "74"]
[EventDate "2017.09.01"]
[EventCountry "WLS"]
[SourceDate "2017.09.03"]

1. Nf3 d5 2. c4 c6 3. Qc2 Nf6 4. g3 Bg4 5. Bg2 e6 6. O-O Nbd7 7. d3 Bd6 8. Nbd2
Qe7 9. b3 h6 10. Bb2 Ba3 11. Bxa3 Qxa3 12. e4 dxe4 13. dxe4 e5 14. h3 Bxf3 15.
Nxf3 a5 16. Nh4 g6 17. f4 Qe7 18. fxe5 Nxe5 19. Rad1 O-O 20. Qd2 Kh7 21. Qf2
Nfd7 22. Kh2 Nc5 23. Qe3 Rad8 24. Nf3 Ncd3 25. Nxe5 Nxe5 26. Qc3 Qc5 27. Rd2
Rxd2 28. Qxd2 a4 29. Rc1 axb3 30. axb3 Qa3 31. Qc3 Qd6 32. c5 Qe6 33. Rd1 Ra8
34. Rd6 Qe7 35. b4 Ra2 36. Qb3 Ra1 37. Qc3 Ra2 1/2-1/2

[Event "SW Summer Open"]
[Site "Penarth"]
[Date "2017.09.03"]
[Round "4.4"]
[White "Choo Yin, Benjamin"]
[Black "Kett, Tim"]
[Result "0-1"]
[WhiteElo "1702"]
[BlackElo "2209"]
[PlyCount "104"]
[EventDate "2017.09.01"]
[EventCountry "WLS"]
[SourceDate "2017.09.03"]

1. c4 e5 2. g3 Nf6 3. Bg2 d6 4. Nc3 g6 5. e4 Bg7 6. d3 O-O 7. Nge2 Nc6 8. O-O
a6 9. Rb1 Rb8 10. b3 b5 11. Be3 Ng4 12. Bd2 Nd4 13. f3 Nf6 14. a4 bxc4 15. bxc4
Rxb1 16. Qxb1 Nd7 17. a5 Nxe2+ 18. Nxe2 c6 19. Bb4 Qc7 20. Qb3 Bh6 21. f4 Qa7+
22. Rf2 Nc5 23. Qa3 Bg4 24. Bxc5 Qxc5 25. Qxc5 dxc5 26. Bf3 Bxf3 27. Rxf3 exf4
28. gxf4 Rb8 29. Nc3 Rb3 30. Na4 Bf8 31. Nb6 Ra3 32. Nd7 Rxa5 33. Nf6+ Kg7 34.
e5 Ra1+ 35. Kf2 Be7 36. Ne8+ Kf8 37. Nf6 a5 38. Rh3 h5 39. f5 a4 40. fxg6 Bxf6
41. exf6 fxg6 42. Rf3 a3 43. Kg2 a2 44. Rf2 Rg1+ 45. Kxg1 a1=Q+ 46. Kg2 Kf7 47.
Rf3 Qd4 48. h3 g5 49. Kg3 g4 50. hxg4 Qxg4+ 51. Kf2 h4 52. Ke3 h3 0-1

[Event "SW Summer Open"]
[Site "Penarth"]
[Date "2017.09.03"]
[Round "4.5"]
[White "Ehsandar, Peter"]
[Black "Fathallah, Joe"]
[Result "1-0"]
[WhiteElo "1970"]
[BlackElo "1959"]
[PlyCount "85"]
[EventDate "2017.09.01"]
[EventCountry "WLS"]
[SourceDate "2017.09.03"]

1. e4 e6 2. d4 d5 3. Nc3 Nf6 4. e5 Nfd7 5. f4 c5 6. Nf3 Nc6 7. Be3 Be7 8. Qd2
O-O 9. Be2 f6 10. exf6 Nxf6 11. dxc5 Qa5 12. Bb5 Ne4 13. Nxe4 Qxb5 14. Nd6 Qxb2
15. O-O Qa3 16. Qd3 Qxd3 17. cxd3 Nb4 18. Rad1 Nxa2 19. Bd2 d4 20. Nxd4 Bf6 21.
Ne2 b6 22. Ra1 Bxa1 23. Rxa1 bxc5 24. Nxc8 Nb4 25. Ne7+ Kf7 26. Bxb4 cxb4 27.
Nc6 b3 28. Ned4 Rfc8 29. Rb1 Rc7 30. Rxb3 Rac8 31. Ne5+ Kf6 32. h4 Rc3 33. Rb7
R8c7 34. Rb5 h6 35. h5 Rc1+ 36. Kh2 Ra1 37. Rb8 Rac1 38. Rf8+ Ke7 39. Rg8 Kf6
40. Re8 g5 41. hxg6 Rc8 42. Rxe6+ Kg7 43. Re7+ 1-0

[Event "SW Summer Open"]
[Site "Penarth"]
[Date "2017.09.03"]
[Round "4.6"]
[White "Williams, Stephen"]
[Black "Buttell, David"]
[Result "1-0"]
[WhiteElo "1666"]
[BlackElo "1817"]
[PlyCount "37"]
[EventDate "2017.09.01"]
[EventCountry "WLS"]
[SourceDate "2017.09.03"]

1. d4 d5 2. c4 e6 3. Nc3 Nf6 4. Nf3 Be7 5. Bf4 c6 6. e3 Nbd7 7. Qc2 O-O 8. Ng5
h6 9. h4 dxc4 10. Bxc4 Nb6 11. Bd3 Nbd5 12. Be5 Nb4 13. Bh7+ Kh8 14. Qb1 Nbd5
15. Bd3 Ng4 16. Be2 Bxg5 17. hxg5 Qxg5 18. Bxg4 Qxg4 19. Rxh6+ 1-0

[Event "SW Summer Open"]
[Site "Penarth"]
[Date "2017.09.03"]
[Round "4.7"]
[White "Cizek, Ondrej"]
[Black "May, Adam J"]
[Result "0-1"]
[WhiteElo "1847"]
[BlackElo "1944"]
[PlyCount "68"]
[EventDate "2017.09.01"]
[EventCountry "WLS"]
[SourceDate "2017.09.03"]

1. e4 c6 2. d4 d5 3. Nc3 dxe4 4. Nxe4 Bf5 5. Ng3 Bg6 6. Nf3 Nd7 7. Bd3 e6 8.
O-O Ngf6 9. Re1 Be7 10. c4 O-O 11. a3 a5 12. b3 Qc7 13. Bxg6 hxg6 14. Bb2 Rfe8
15. Rc1 Rad8 16. Qc2 c5 17. Re2 Rc8 18. Rce1 Bf8 19. Qd2 Qb6 20. Qc3 Red8 21.
Ne4 a4 22. dxc5 Nxe4 23. Rxe4 Qxb3 24. Qxb3 axb3 25. R4e3 Nxc5 26. g3 Nd3 27.
Rb1 Rxc4 28. Rxd3 Rxd3 29. Ne5 Rdc3 30. Bxc3 Rxc3 31. a4 Ba3 32. Kg2 b2 33. Nf3
Rc1 34. Nd2 Kf8 0-1